Sports Quiz

Random Sports or NFL Quiz

NFL Teams By 1st Super Bowl Appearance Quiz Stats

 Plays Quiz Updated Feb 6, 2017

Score 0/28 Timer 04:00
0 Plays Today
Year Team % Correct
1967*Green Bay Packers
97.6%
1967Kansas City Chiefs
87%
1969*New York Jets
80.7%
1969Indianapolis Colts (Baltimore Colts)
74.9%
1968Oakland Raiders
71.4%
1971Dallas Cowboys
68.6%
1975Pittsburgh Steelers
67.4%
1972Miami Dolphins
67.1%
1986*Chicago Bears
64.4%
1970Minnesota Vikings
64.2%
1986New England Patriots
61%
1982*San Francisco 49ers
60.3%
1991Buffalo Bills
58.2%
1973Washington Redskins
57.3%
Year Team % Correct
1987New York Giants
54%
2001Baltimore Ravens
53.3%
2010New Orleans Saints
52.3%
1982Cincinnati Bengals
52%
2004Carolina Panthers
51.8%
1978Denver Broncos
51.2%
1980Los Angeles Rams
50.8%
2000Tennessee Titans
49.9%
2003Tampa Bay Buccaneers
49.7%
2006Seattle Seahawks
49.1%
1981Philadelphia Eagles
49.1%
2009Arizona Cardinals
48.6%
1995Los Angeles Chargers
46.3%
1999Atlanta Falcons
43.4%

You're not logged in!

Compare scores with friends on all Sporcle quizzes.
OR
Log In

Show Comments

Extras

Top Quizzes Today


Score Distribution

Your Account Isn't Verified!

In order to create a playlist on Sporcle, you need to verify the email address you used during registration. Go to your Sporcle Settings to finish the process.

Report this User

Report this user for behavior that violates our Community Guidelines.

Details: